| 000 | 00710nam a2200217 a 4500 | ||
|---|---|---|---|
| 005 | 20221124063626.0 | ||
| 008 | 150603s2014 mx r 000 0 spa d | ||
| 020 | _a9786074272529 | ||
| 035 | _aUPN01000204053 | ||
| 049 | _aCG | ||
| 050 | 4 |
_aHD5856 M6 _bV4.4 |
|
| 245 | 0 | 0 |
_a20 años de la encuesta sobre migración en la frontera norte de México / _ccoord. Alma Rosa Nava Pérez. |
| 260 |
_aMéxico : _bCONAPO, _c2014. |
||
| 300 |
_a238 p. : _bgráfs., cuadros, mapas |
||
| 650 | 4 |
_aMigración interna _zMéxico _95825 |
|
| 651 | 4 |
_aMéxico _xEmigración e inmigración _97931 |
|
| 650 | 4 |
_aTRABAJO MIGRATORIO _92264 |
|
| 700 | 1 |
_aNava Pérez, Alma Rosa, _ecoord. |
|
| 905 | _aLibro | ||
| 999 |
_c176154 _d176154 |
||